02418nam a22003257a 4500001001000000003001100010005001700021008004100038020001800079040001300097041000800110050002600118245006900144260003100213260004200244300003800286500002400324500005700348500002100405504003200426505004700458505009300505505010700598505013500705505010500840520096200945610005601907610008101963610004802044BRCA_9209FranzMayer20220809135157.0220720b |||||||| |||| 00| 0 eng d a9788494441547 bspacMFM aspa aF1386.23.A2bF96 2015 aFundaciones virreinales que dieron forma a la Ciudad de México aEspaña : bEl Visoc2015 bNacional Monte de Piedad, IAP, c2015 a283 p. : bil., fot. ;c28.5 x 32 aUbicación: L59-N5 aIncluye imagen de la Colección Franz Mayer (p. 81) aÍndice (p. 11) aBibliografía: pp. 281-2832 tPrólogo / rRicardo Raphael de la Madrid2 tEstampas de la Ciudad de México. Siglos XIX-XXI / rSandra Ortega y Patricia Ruvalcaba2 tEnfermar y sanar: El Hospital de Jesús y su presencia en la Ciudad de México / rClaudia Itzkowick2 tAprender y enseñar: El Colegio de San Ignacio de Loyola Vizcaínas y el centro histórico a su alrededor / rClaudia Itzkowick2 tEmpeñados en vivir: Nacional Monte de Piedad, parada cotidiana en la capital / rClaudia Itzkowick aEste libro describe cómo se desenvolvía la vida cotidiana en la Ciudad de México desde los últimos momentos del Virreinato de Nueva España hasta el México independiente de nuestros días; describe las costumbres sociales, económicas y religiosas de una sociedad civil en constante evolución pero, sobre todo, pretende dar una breve cisión de cómo se organizó la vida en común durante el proceso de construcción de la nueva nación mexicana en torno a tres aspectos básicos para el desarrollo de una sociedad: la salud, la educación y las finanzas. Estas áreas fundamentales están íntimamente ligadas a tres de los pilares institucionales más importantes de México: el Hospital de la Purísima Concepción, hoy Hospital de Jesús, el Colegio de San Ignacio de Loyola Vizcaínas, conocido comúnmente como el Colegio de las Vizcaínas, y el Sacro y Real Monte de Piedad y Ánimas, hoy Nacional Monte de Piedad. aHospital de Jesús (Mexico City, Mexico)xHistoria aColegio de San Ignacio de Loyola Vizcaínas (Mexico City, Mexico)xHistoria aNacional Monte de Piedad (Mexico)xHistoria